000 00624nam a22002537a 4500
001 22272
003 UA-OsUOA
005 20191226094319.0
007 ta
008 20031218b un ||||| |||| 00| 0 ukr d
040 _aUA-OsUOA
_brus
_cUA-OsUOA
_dUA-OsUOA
041 _arus
044 _aRU
080 _a101.3
090 _a101.3
_bК55
100 _aКопнин П. В.
245 _aДиалектика, логика, наука
260 _aМ.
_bНаука
_c1973
300 _a464 с.
650 7 _2UDC
942 _cBK
_2udc
955 _a0
999 _c308488
_d308488